000 00857nam a2200229 a 4500
001 40158
003 BD-RjUL
005 20211209053141.0
008 160423s1980 ii |||| |||| 00| 0 ben d
020 _c: tk. 16.00
035 _a(BD-RjUL)40273
040 _aBD-RjUL
_bben
_cBD-RjUL
041 _aben
082 _223
_a302
_bSES 1980
100 _aসেনগুপ্ত, প্রমোদবন্ধু
_9117506
245 1 0 _aসমাজ ও মনোবিজ্ঞান /
_cপ্রমোদবন্ধু সেনগুপ্ত
260 _aকলিকাতা :
_bব্যানার্জী পাবলিশার্স,
_c১৯৮০
300 _axxii, ২৫৬ পৃ. ;
_c২৪ সেমি.
650 _aসমাজ
_xমনোবিজ্ঞান
_9123641
650 _aSocial
_xPsychology
_9123642
942 _2ddc
_cBK
_01
999 _c40158
_d40158